Andorra provinces but without a map - Statistics

General Stats
  • This quiz has been taken 60 times
  • The average score is 5 of 7
Answer Stats
Answer % Correct
Andorra la Vella
100%
Encamp
73%
Canillo
64%
La massana
59%
Ordino
59%
Escaldes-Engordany
50%
Saint Julià de Lòria
45%
No matching quizzes found
Score Distribution
Percent of People with Each Score
Percentile by Number Answered
Your Score History
You have not taken this quiz